000 00611nam a2200181Ia 4500
008 090630s9999 xx 000 0 und d
082 _b12281
100 _aडॉ. गाला.
245 _aनिसर्गोपचार पध्दती.
_cडॉ. गाला.
260 _bगाला पब्लिशर्स.
_c1991
300 _a138
600 _aडॉ. गाला.
630 _aनिसर्गोपचार पध्दती.
655 _aइतर.
700 _aडॉ. गाला.
730 _aनिसर्गोपचार पध्दती.
942 _cBOOK
999 _c264137
_d264137